[Event "Maraba op 3rd"]
[Site "Maraba"]
[Date "2016.04.22"]
[Round "3"]
[White "Da Silva, Rodrigo Chaves"]
[Black "Cardoso Da Silva, Roberto"]
[Result "0-1"]
[WhiteElo "2036"]
[BlackElo "1819"]
[PlyCount "112"]
[EventDate "2016.04.21"]
[EventType "swiss"]
[EventRounds "7"]
[EventCountry "BRA"]
[SourceTitle "CBM 172 Extra"]
[Source "ChessBase"]
[SourceDate "2016.06.21"]
[SourceVersion "1"]
[SourceVersionDate "2016.06.21"]
[SourceQuality "1"]

1. e4 e6 2. d4 d5 3. Nc3 Bb4 4. e5 c5 5. a3 Bxc3+ 6. bxc3 cxd4 7. cxd4 Nc6 8. Nf3 Nge7 9. Bd3 h6 10. 0-0 0-0 11. Re1 Bd7 12. Rb1 b6 13. c3 Qc7 14. Bc2 Na5 15. Qd3 Ng6 16. Nh4 Be8 17. Nxg6 fxg6 18. Qg3 Rc8 19. Bxg6 Bxg6 20. Qxg6 Qf7 21. Qxf7+ Rxf7 22. f3 Rxc3 23. Bd2 Rxa3 24. Bxa5 Rxa5 25. Kf2 b5 26. Rec1 Re7 27. Ke3 a6 28. Ra1 Rxa1 29. Rxa1 Ra7 30. Kd3 a5 31. Kc3 Kf7 32. Kb3 h5 33. Rc1 g5 34. g4 h4 35. Rc5 Rb7 36. Rc6 a4+ 37. Kb4 Ra7 38. Ka3 b4+ 39. Kxb4 a3 40. Rc1 a2 41. Ra1 Rb7+ 42. Kc3 Rc7+ 43. Kb3 Rc4 44. Rxa2 Rxd4 45. Kc3 Rf4 46. Rf2 Ke7 47. Kd3 Kd7 48. Ke3 d4+ 49. Kd3 Kc6 50. Rf1 Kd5 51. Ke2 Kxe5 52. Ra1 Rf7 53. Ra5+ Kf4 54. Ra3 Rc7 55. Ra2 Rc3 56. Rd2 d3+ 0-1

[Event "Belem Velha op 1st"]
[Site "Belem"]
[Date "2014.11.22"]
[Round "3"]
[White "Da Silva, Rodrigo Chaves"]
[Black "Ferreira, Mauro Augusto Barro"]
[Result "0-1"]
[WhiteElo "2097"]
[BlackElo "1993"]
[PlyCount "130"]
[EventDate "2014.11.20"]
[EventType "swiss"]
[EventRounds "6"]
[EventCountry "BRA"]
[SourceTitle "CBM 163 Extra"]
[Source "ChessBase"]
[SourceDate "2014.12.23"]
[SourceVersion "1"]
[SourceVersionDate "2014.12.23"]
[SourceQuality "1"]

1. e4 e5 2. Nf3 Nc6 3. Bb5 a6 4. Ba4 Nf6 5. 0-0 Be7 6. Re1 d6 7. c3 0-0 8. h3 b5 9. Bc2 Bb7 10. d4 exd4 11. Nxd4 Nxd4 12. cxd4 Re8 13. b3 c5 14. Bb2 Rc8 15. Nd2 Bf8 16. a4 g6 17. axb5 axb5 18. d5 Bg7 19. Bd3 Qb6 20. Ra2 Ra8 21. Rxa8 Rxa8 22. Bb1 Re8 23. Nf3 Qa5 24. Re2 b4 25. Bxf6 Bxf6 26. Ra2 Qb6 27. Qd3 Ra8 28. Rxa8+ Bxa8 29. Nd2 Bd4 30. Nc4 Qc7 31. Qg3 Be5 32. Nxe5 dxe5 33. Bd3 Bb7 34. Bc4 Bc8 35. Qd3 Qd6 36. Qb1 Kg7 37. Qa2 Bd7 38. Qa6 Qxa6 39. Bxa6 Kf8 40. Kf1 Ke7 41. Ke2 f5 42. f3 f4 43. Kd3 Kd6 44. Kc4 h5 45. h4 Be8 46. Bb5 Bf7 47. Bc6 g5 48. hxg5 h4 49. Bb7 Kc7 50. Kxc5 Kxb7 51. Kd6 Bh5 52. g6 Bxg6 53. Kxe5 Kc7 54. Kxf4 Kd6 55. Kg5 Be8 56. Kf6 Ba4 57. e5+ Kxd5 58. bxa4 b3 59. a5 b2 60. e6 b1Q 61. e7 Qb8 62. Kf7 Qf4+ 63. Kg8 Qe4 64. Kf7 Qf5+ 65. Kg8 Qg6+ 0-1

[Event "Belem Velha op 1st"]
[Site "Belem"]
[Date "2014.11.20"]
[Round "1"]
[White "Da Silva, Rodrigo Chaves"]
[Black "Mendes, Joao Paulo"]
[Result "1/2-1/2"]
[WhiteElo "2097"]
[BlackElo "1943"]
[PlyCount "67"]
[EventDate "2014.11.20"]
[EventType "swiss"]
[EventRounds "6"]
[EventCountry "BRA"]
[SourceTitle "CBM 163 Extra"]
[Source "ChessBase"]
[SourceDate "2014.12.23"]
[SourceVersion "1"]
[SourceVersionDate "2014.12.23"]
[SourceQuality "1"]

1. d4 Nf6 2. Nf3 g6 3. c4 Bg7 4. Nc3 d5 5. cxd5 Nxd5 6. e4 Nxc3 7. bxc3 c5 8. Be3 0-0 9. Rb1 Nc6 10. Qd2 cxd4 11. cxd4 Bg4 12. d5 Ne5 13. Be2 Nxf3+ 14. gxf3 Bh3 15. Bd4 Bxd4 16. Qxd4 Qc7 17. Kd2 Rac8 18. Rhc1 Qa5+ 19. Qb4 Qxb4+ 20. Rxb4 Rxc1 21. Kxc1 Rc8+ 22. Kd2 b6 23. Ra4 Rc7 24. Rc4 Rxc4 25. Bxc4 Bd7 26. Kc3 Kf8 27. Kb4 a5+ 28. Kc3 Ke8 29. Kd4 Ba4 30. Ba6 g5 31. e5 Kd7 32. Bd3 h6 33. Bf1 Kc7 34. Be2 1/2-1/2

[Event "Belem Para op"]
[Site "Belem"]
[Date "2010.11.13"]
[Round "2"]
[White "Da Silva, Rodrigo Chaves"]
[Black "De Souza Monteiro, Marcos Paulo"]
[Result "0-1"]
[WhiteElo "2212"]
[BlackElo "1988"]
[PlyCount "72"]
[EventDate "2010.11.12"]
[EventType "swiss"]
[EventRounds "7"]
[EventCountry "BRA"]
[SourceTitle "EXT 2022"]
[Source "ChessBase"]
[SourceDate "2021.10.06"]
[SourceVersion "1"]
[SourceVersionDate "2021.10.06"]
[SourceQuality "1"]

1. d4 Nf6 2. c4 c5 3. d5 b5 4. cxb5 a6 5. e3 g6 6. Nc3 Bg7 7. Bc4 d6 8. Nge2 0-0 9. 0-0 axb5 10. Bxb5 Qb6 11. a4 Bb7 12. e4 Nbd7 13. h3 Ne5 14. Be3 Ba6 15. b4 Bxb5 16. axb5 Nc4 17. Rxa8 Rxa8 18. bxc5 dxc5 19. Bf4 Ra3 20. Bc1 Ra5 21. Qb3 Ne5 22. Be3 Nfd7 23. Rb1 Qb8 24. Na4 c4 25. Qb4 Qa8 26. Nc5 Nxc5 27. Qxc5 Ra1 28. Rxa1 Qxa1+ 29. Kh2 h5 30. b6 Nd3 31. Qxc4 Qd1 32. Qc8+ Kh7 33. b7 Be5+ 34. f4 Qxe2 35. fxe5 Ne1 36. Kg3 Qxe3+ 0-1

[Event "Belem Para op"]
[Site "Belem"]
[Date "2010.11.12"]
[Round "1"]
[White "Farias, Igor Borge Cardoso"]
[Black "Da Silva, Rodrigo Chaves"]
[Result "0-1"]
[WhiteElo "1842"]
[BlackElo "2212"]
[PlyCount "114"]
[EventDate "2010.11.12"]
[EventType "swiss"]
[EventRounds "7"]
[EventCountry "BRA"]
[SourceTitle "EXT 2022"]
[Source "ChessBase"]
[SourceDate "2021.10.06"]
[SourceVersion "1"]
[SourceVersionDate "2021.10.06"]
[SourceQuality "1"]

1. e4 c5 2. Nf3 d6 3. Bc4 e6 4. Nc3 Nf6 5. d4 cxd4 6. Qxd4 Be7 7. e5 dxe5 8. Qxd8+ Bxd8 9. Nxe5 0-0 10. 0-0 Nbd7 11. Bf4 a6 12. Bd3 Nxe5 13. Bxe5 Bd7 14. Rad1 Bc6 15. b3 Be7 16. Bxf6 Bxf6 17. Ne4 Be7 18. Ng3 Rfd8 19. Be4 Bxe4 20. Nxe4 Kf8 21. f4 h6 22. f5 Rxd1 23. Rxd1 exf5 24. Ng3 g6 25. Kf1 Rd8 26. Rxd8+ Bxd8 27. Ke2 Bc7 28. Kd3 Ke7 29. c4 Kd6 30. b4 b6 31. Ne2 Bd8 32. Nf4 a5 33. bxa5 bxa5 34. a4 Bb6 35. h3 g5 36. Nh5 Bc5 37. Nf6 Ba3 38. Ne8+ Ke5 39. Nc7 Kf4 40. Ke2 Kg3 41. Kf1 g4 42. hxg4 fxg4 43. Nd5 h5 44. Nf6 Kh4 45. Ne4 f5 46. Nf6 Kg5 47. Nd7 f4 48. c5 h4 49. c6 Bd6 50. Kf2 Kf5 51. Nb6 Bc5+ 52. Kf1 Bxb6 53. Ke2 Ke4 54. Kf1 f3 55. c7 Bxc7 56. gxf3+ Kxf3 57. Kg1 Bb6+ 0-1

[Event "Paraense-ch"]
[Site "Belem"]
[Date "2010.10.03"]
[Round "5"]
[White "Guimaraes Jr, Antonio Jose C"]
[Black "Da Silva, Rodrigo Chaves"]
[Result "1-0"]
[WhiteElo "1800"]
[BlackElo "2212"]
[PlyCount "45"]
[EventDate "2010.10.01"]
[EventType "swiss"]
[EventRounds "5"]
[EventCountry "BRA"]
[SourceTitle "EXT 2022"]
[Source "ChessBase"]
[SourceDate "2021.10.06"]
[SourceVersion "1"]
[SourceVersionDate "2021.10.06"]
[SourceQuality "1"]

1. e4 c5 2. Nf3 d6 3. d4 cxd4 4. c3 Nf6 5. e5 dxe5 6. Nxe5 e6 7. cxd4 Be7 8. Be2 0-0 9. Nc3 Nbd7 10. 0-0 Nb6 11. Be3 Nbd5 12. Rc1 a6 13. Qb3 Nxe3 14. fxe3 Nd5 15. Ne4 f6 16. Nf3 Bd7 17. Nc5 Bxc5 18. Rxc5 Bc6 19. Rd1 Qb6 20. Bc4 Qxb3 21. Bxb3 Rfd8 22. e4 Nc7 23. d5 1-0

[Event "Paraense-ch"]
[Site "Belem"]
[Date "2010.10.02"]
[Round "4"]
[White "Da Silva, Rodrigo Chaves"]
[Black "Leao, Marcos Jose"]
[Result "0-1"]
[WhiteElo "2212"]
[BlackElo "1827"]
[PlyCount "36"]
[EventDate "2010.10.01"]
[EventType "swiss"]
[EventRounds "5"]
[EventCountry "BRA"]
[SourceTitle "EXT 2022"]
[Source "ChessBase"]
[SourceDate "2021.10.06"]
[SourceVersion "1"]
[SourceVersionDate "2021.10.06"]
[SourceQuality "1"]

1. e4 e6 2. d4 d5 3. Nc3 Nf6 4. e5 Nfd7 5. f4 c5 6. Nf3 Nc6 7. Be3 cxd4 8. Nxd4 Bb4 9. Bd3 Nc5 10. Qh5 Nxd3+ 11. cxd3 Qb6 12. Kf2 Nxd4 13. Ne2 Bc5 14. b4 Qxb4 15. Rab1 Qa4 16. Rhc1 Nxe2 17. Bxc5 Nxc1 18. Qg5 Nxd3+ 0-1

[Event "Belem Carepa Memorial"]
[Site "Belem"]
[Date "2008.03.23"]
[Round "7.4"]
[White "Da Silva, Rodrigo Chaves"]
[Black "Pinheiro, Iung Alicio"]
[Result "0-1"]
[WhiteElo "1910"]
[BlackElo "2249"]
[PlyCount "70"]
[EventDate "2008.03.20"]
[EventType "swiss"]
[EventRounds "7"]
[EventCountry "BRA"]
[SourceTitle "EXT 2022"]
[Source "ChessBase"]
[SourceDate "2021.10.06"]
[SourceVersion "1"]
[SourceVersionDate "2021.10.06"]
[SourceQuality "1"]

1. c4 Nf6 2. Nc3 e6 3. d4 Bb4 4. Qc2 0-0 5. a3 Bxc3+ 6. Qxc3 b6 7. Nf3 Bb7 8. e3 d6 9. Be2 Nbd7 10. b4 Ne4 11. Qc2 f5 12. 0-0 Rf6 13. Bb2 Rh6 14. d5 Nf8 15. Rac1 c5 16. Rfd1 Qe7 17. bxc5 bxc5 18. Rb1 Re8 19. dxe6 Nxe6 20. Ba1 Bc6 21. Qb2 Rg6 22. Rd3 N6g5 23. Kf1 Nxf3 24. Bxf3 Qh4 25. Rb3 h6 26. h3 Kh7 27. Qc2 Ba4 28. Qa2 Bxb3 29. Rxb3 Rge6 30. Qb2 R6e7 31. Rd3 Rb7 32. Rb3 Reb8 33. g3 Qe7 34. Rxb7 Rxb7 35. Qc2 Rb1+ 0-1